书目信息 |
| 题名: |
当代西方左翼学者的技术政治观研究
|
|
| 作者: | 黄雪丽 著 | |
| 分册: | ||
| 出版信息: | 北京 中国书籍出版社 2020 |
|
| 页数: | 242页 | |
| 开本: | 25cm | |
| 丛书名: | 中国书籍学术之光文库 | |
| 单 册: | ||
| 中图分类: | B089.1 , B089 | |
| 科图分类: | ||
| 主题词: | 西方马克思主义--研究 | |
| 电子资源: | ||
| ISBN: | 978-7-5068-7728-2 | |
| 000 | 01294oam2 2200289 450 | |
| 001 | 2354364168 | |
| 005 | 20231120150618.86 | |
| 010 | @a978-7-5068-7728-2@b精装@dCNY95.00 | |
| 100 | @a20200713d2020 em y0chiy50 ea | |
| 101 | 0 | @achi |
| 102 | @aCN@b110000 | |
| 105 | @ay az 000yy | |
| 200 | 1 | @a当代西方左翼学者的技术政治观研究@Adang dai xi fang zuo yi xue zhe de ji shu zheng zhi guan yan jiu@f黄雪丽著 |
| 210 | @a北京@c中国书籍出版社@d2020 | |
| 215 | @a242页@d25cm | |
| 225 | 2 | @a中国书籍学术之光文库 |
| 300 | @a教育部人文社会科学研究一般项目资助《当代西方左翼学者的技术政治观研究》 | |
| 314 | @a黄雪丽,山西省万荣县人,汉族,党员。 | |
| 320 | @a有书目 | |
| 330 | @a本书着重从整体上阐述西方左翼学者的技术政治观念,主要采用历史与逻辑相结合的方法,按照历史发展脉络理清当代西方左翼学者的技术政治观发生发展及未来趋势,对技术政治观出现的背景、动因、特征进行逻辑和哲学概括。首先,在技术哲学研究基础上将研究重点转向技术领域内的政治问题。其次,重视技术政治的马克思主义立场。第三,注重技术政治观的整体研究。第四,注重西方左翼学者技术哲学研究的经验转向也是其发展方向。 | |
| 461 | 0 | @12001 @a中国书籍学术之光文库 |
| 606 | 0 | @a西方马克思主义@x研究 |
| 690 | @aB089.1@v5 | |
| 690 | @aB089@v4 | |
| 701 | 0 | @a黄雪丽@Ahuang xue li@4著 |
| 801 | 0 | @aCN@b山东中教@c20231119 |
| 905 | @aBZT@dB089@e6 | |
| 当代西方左翼学者的技术政治观研究/黄雪丽著.-北京:中国书籍出版社,2020 |
| 242页;25cm.-(中国书籍学术之光文库) |
| 教育部人文社会科学研究一般项目资助《当代西方左翼学者的技术政治观研究》 |
| ISBN 978-7-5068-7728-2(精装):CNY95.00 |
| 本书着重从整体上阐述西方左翼学者的技术政治观念,主要采用历史与逻辑相结合的方法,按照历史发展脉络理清当代西方左翼学者的技术政治观发生发展及未来趋势,对技术政治观出现的背景、动因、特征进行逻辑和哲学概括。首先,在技术哲学研究基础上将研究重点转向技术领域内的政治问题。其次,重视技术政治的马克思主义立场。第三,注重技术政治观的整体研究。第四,注重西方左翼学者技术哲学研究的经验转向也是其发展方向。 |
| ● |
| 相关链接 |
|
|
|
正题名:当代西方左翼学者的技术政治观研究
索取号:B089/6
 
预约/预借
| 序号 | 登录号 | 条形码 | 馆藏地/架位号 | 状态 | 备注 |
| 1 | 2000987304 | 2000987304 | 中教第一批/山东中教(第一批)/324/ [索取号:B089/6] | 在馆 | |
| 2 | 2000987305 | 2000987305 | 中教第一批/山东中教(第一批)/324/ [索取号:B089/6] | 在馆 | |
| 3 | 2000987306 | 2000987306 | 中教第一批/山东中教(第一批)/324/ [索取号:B089/6] | 在馆 | |
| 4 | 2000987307 | 2000987307 | 中教第一批/山东中教(第一批)/324/ [索取号:B089/6] | 在馆 | |
| 5 | 2000987308 | 2000987308 | 中教第一批/山东中教(第一批)/324/ [索取号:B089/6] | 在馆 | |
| 6 | 2000987309 | 2000987309 | 中教第一批/山东中教(第一批)/324/ [索取号:B089/6] | 在馆 |